[Event "Oberliga Ost-A 2122"]
[Site "Germany"]
[Date "2022.05.01"]
[Round "3.6"]
[White "Limpert, Michael"]
[Black "Pfretzschner, Roland"]
[Result "1/2-1/2"]
[WhiteElo "2119"]
[BlackElo "2212"]
[PlyCount "30"]
[EventDate "2021.10.10"]
[EventType "team-tourn"]
[EventRounds "11"]
[EventCountry "GER"]
[SourceTitle "EXT 2023"]
[Source "ChessBase"]
[SourceDate "2022.10.05"]
[SourceVersion "1"]
[SourceVersionDate "2022.10.05"]
[SourceQuality "1"]
[WhiteTeam "Leipzig SG II"]
[BlackTeam "Plauen Koenig"]
[WhiteTeamCountry "GER"]
[BlackTeamCountry "GER"]

1. e4 c5 2. Nc3 e6 3. g3 Nc6 4. Bg2 Nf6 5. d3 Be7 6. f4 d5 7. e5 Nd7 8. Nf3 b5 9. 0-0 b4 10. Ne2 Rb8 11. Be3 0-0 12. Re1 a5 13. d4 c4 14. g4 a4 15. f5 Nb6 1/2-1/2

[Event "Oberliga Ost-A 1920"]
[Site "Germany"]
[Date "2020.03.01"]
[Round "9.6"]
[White "Schnoor, Ekkehard"]
[Black "Limpert, Michael"]
[Result "1-0"]
[WhiteElo "2107"]
[BlackElo "2128"]
[PlyCount "63"]
[EventDate "2019.09.29"]
[EventType "team-tourn"]
[EventRounds "11"]
[EventCountry "GER"]
[SourceTitle "EXT 2023"]
[Source "ChessBase"]
[SourceDate "2022.10.05"]
[SourceVersion "1"]
[SourceVersionDate "2022.10.05"]
[SourceQuality "1"]
[WhiteTeam "Dresden Gruen Weiss"]
[BlackTeam "Leipzig SG II"]
[WhiteTeamCountry "GER"]
[BlackTeamCountry "GER"]

1. Nf3 d5 2. g3 e6 3. Bg2 Nf6 4. 0-0 Be7 5. d3 b6 6. Nbd2 Bb7 7. e4 c5 8. h4 0-0 9. e5 Nfd7 10. Re1 Nc6 11. Nf1 Re8 12. N1h2 Bf8 13. Bh3 Qc7 14. Bf4 Ne7 15. h5 d4 16. Ng4 Nd5 17. Bd2 b5 18. h6 g6 19. a4 bxa4 20. Ng5 Be7 21. Bg2 N5b6 22. Bxb7 Qxb7 23. Ne4 Nd5 24. Bc1 Qc7 25. Bg5 Qd8 26. Bxe7 Qxe7 27. Rxa4 f5 28. exf6 N5xf6 29. Ra6 Nxe4 30. Rxe4 Nf6 31. Rexe6 Qxe6 32. Nxf6+ 1-0

[Event "Oberliga Ost-A 1920"]
[Site "Germany"]
[Date "2020.02.29"]
[Round "8.6"]
[White "Limpert, Michael"]
[Black "Boehm, Robert"]
[Result "1-0"]
[WhiteElo "2128"]
[BlackElo "2161"]
[PlyCount "83"]
[EventDate "2019.09.29"]
[EventType "team-tourn"]
[EventRounds "11"]
[EventCountry "GER"]
[SourceTitle "EXT 2023"]
[Source "ChessBase"]
[SourceDate "2022.10.05"]
[SourceVersion "1"]
[SourceVersionDate "2022.10.05"]
[SourceQuality "1"]
[WhiteTeam "Leipzig SG II"]
[BlackTeam "Hoyerswerda"]
[WhiteTeamCountry "GER"]
[BlackTeamCountry "GER"]

1. e4 c5 2. Nf3 Nc6 3. Bb5 Nf6 4. Bxc6 dxc6 5. d3 Bg4 6. h3 Bxf3 7. Qxf3 g6 8. Bd2 Bg7 9. Bc3 0-0 10. Nd2 Qd7 11. 0-0-0 Qe6 12. Kb1 Rad8 13. Qe3 b6 14. g4 Ne8 15. Bxg7 Kxg7 16. f4 f6 17. h4 Nd6 18. h5 Nf7 19. Nf3 Rh8 20. Rdg1 Rdg8 21. f5 Qd7 22. h6+ Kf8 23. d4 c4 24. e5 Qd5 25. exf6 exf6 26. Re1 Qd7 27. Qa3+ Qd6 28. Qxd6+ Nxd6 29. Re6 gxf5 30. Rhe1 Kf7 31. Rxd6 fxg4 32. Nh4 Rd8 33. Rxc6 Rhe8 34. Rc7+ Kf8 35. Rf1 Re6 36. Rxh7 Rxd4 37. Ng6+ Ke8 38. Rxa7 Rde4 39. Kc1 g3 40. h7 Re1+ 41. Rxe1 Rxe1+ 42. Kd2 1-0

[Event "Oberliga Ost-A 1920"]
[Site "Germany"]
[Date "2019.09.29"]
[Round "1.8"]
[White "Schaefer, Reyk"]
[Black "Limpert, Michael"]
[Result "1/2-1/2"]
[WhiteElo "2109"]
[BlackElo "2128"]
[PlyCount "32"]
[EventDate "2019.09.29"]
[EventType "team-tourn"]
[EventRounds "11"]
[EventCountry "GER"]
[SourceTitle "EXT 2021"]
[Source "ChessBase"]
[SourceDate "2020.10.23"]
[SourceVersion "1"]
[SourceVersionDate "2020.10.23"]
[SourceQuality "1"]
[WhiteTeam "Loeberitz"]
[BlackTeam "Leipzig SG II"]
[WhiteTeamCountry "GER"]
[BlackTeamCountry "GER"]

1. d4 d5 2. c4 c6 3. cxd5 cxd5 4. Bf4 e6 5. Nc3 Nf6 6. e3 Nc6 7. Bd3 Be7 8. h3 Bd7 9. Nf3 0-0 10. 0-0 Qa5 11. Rc1 Rfc8 12. Qb3 Qb4 13. Qxb4 Nxb4 14. Bb1 a6 15. Ne5 Be8 16. Rfd1 b5 1/2-1/2

[Event "Oberliga Ost-A 1819"]
[Site "Germany"]
[Date "2019.03.24"]
[Round "9.6"]
[White "Schuster, Martin"]
[Black "Limpert, Michael"]
[Result "1/2-1/2"]
[WhiteElo "2203"]
[BlackElo "2148"]
[PlyCount "115"]
[EventDate "2018.10.21"]
[EventType "team-tourn"]
[EventRounds "11"]
[EventCountry "GER"]
[SourceTitle "EXT 2020"]
[Source "ChessBase"]
[SourceDate "2019.10.17"]
[SourceVersion "1"]
[SourceVersionDate "2019.10.17"]
[SourceQuality "1"]
[WhiteTeam "Loeberitz"]
[BlackTeam "Leipzig SG II"]
[WhiteTeamCountry "GER"]
[BlackTeamCountry "GER"]

1. e4 c6 2. d4 d5 3. Nc3 dxe4 4. Nxe4 Bf5 5. Ng3 Bg6 6. Nf3 Nd7 7. h4 h6 8. h5 Bh7 9. Bd3 Bxd3 10. Qxd3 e6 11. Bd2 Ngf6 12. 0-0-0 Be7 13. Kb1 Qb6 14. Ne4 Rd8 15. Nxf6+ Nxf6 16. Qe2 Qb5 17. Qxb5 cxb5 18. Be3 Rd5 19. Ne5 Bd6 20. f3 a6 21. Bf4 Ke7 22. g4 Rd8 23. c3 Bxe5 24. Bxe5 Ne8 25. Kc2 f6 26. Bg3 Nd6 27. Rhe1 Kf7 28. Re2 e5 29. Rde1 exd4 30. Re7+ Kg8 31. Bxd6 R5xd6 32. Rxb7 Kh8 33. Ree7 Rg8 34. f4 dxc3 35. bxc3 Rc6 36. Rbc7 Rc8 37. Rxc8+ Rxc8 38. Kd3 Kg8 39. Rd7 Rc4 40. Rd4 Rc7 41. a4 bxa4 42. Rxa4 Rc6 43. Kd4 Kf7 44. f5 Ke7 45. c4 Rd6+ 46. Ke4 Rc6 47. Kd4 Rd6+ 48. Kc3 Rc6 49. Ra5 Kd6 50. Kd4 Kc7 51. c5 Kb7 52. Ra1 Rc7 53. Rb1+ Kc8 54. Rb6 Ra7 55. Kc4 a5 56. Kb3 a4+ 57. Ka3 Ra5 58. Rb4 1/2-1/2

[Event "Oberliga Ost-A 1819"]
[Site "Germany"]
[Date "2018.11.11"]
[Round "3.5"]
[White "Limpert, Michael"]
[Black "Collini, Carsten"]
[Result "1/2-1/2"]
[WhiteElo "2148"]
[BlackElo "2146"]
[PlyCount "23"]
[EventDate "2018.10.21"]
[EventType "team-tourn"]
[EventRounds "11"]
[EventCountry "GER"]
[SourceTitle "EXT 2020"]
[Source "ChessBase"]
[SourceDate "2019.10.17"]
[SourceVersion "1"]
[SourceVersionDate "2019.10.17"]
[SourceQuality "1"]
[WhiteTeam "Leipzig SG II"]
[BlackTeam "Leipzig VfB"]
[WhiteTeamCountry "GER"]
[BlackTeamCountry "GER"]

1. e4 Nf6 2. Nc3 d5 3. e5 d4 4. exf6 dxc3 5. fxg7 cxd2+ 6. Bxd2 Bxg7 7. Qf3 Qd6 8. 0-0-0 Qf6 9. Qxf6 Bxf6 10. Bd3 Be6 11. Ne2 Nd7 12. Bc3 1/2-1/2

[Event "Oberliga Ost-A 1617"]
[Site "Germany"]
[Date "2017.03.19"]
[Round "8.7"]
[White "Limpert, Michael"]
[Black "Roseneck, Jonas"]
[Result "1/2-1/2"]
[WhiteElo "2223"]
[BlackElo "2011"]
[PlyCount "119"]
[EventDate "2016.10.16"]
[EventType "team-tourn"]
[EventRounds "11"]
[EventCountry "GER"]
[SourceTitle "EXT 2018"]
[Source "ChessBase"]
[SourceDate "2017.10.13"]
[SourceVersion "1"]
[SourceVersionDate "2017.10.13"]
[SourceQuality "1"]
[WhiteTeam "Leipzig SG II"]
[BlackTeam "Magdeburg Aufbau Elbe"]
[WhiteTeamCountry "GER"]
[BlackTeamCountry "GER"]

1. e4 c5 2. Nf3 Nc6 3. Bb5 e6 4. Bxc6 dxc6 5. 0-0 Ne7 6. b3 Ng6 7. Bb2 Qc7 8. Na3 e5 9. Nc4 f6 10. a4 Be6 11. a5 Be7 12. d3 0-0 13. Qd2 Rfd8 14. Ra2 b5 15. axb6 axb6 16. Rfa1 Rxa2 17. Rxa2 Qb7 18. Qe1 b5 19. Ne3 Ra8 20. Qa1 Rxa2 21. Qxa2 Bd8 22. g3 Bb6 23. c4 Qd7 24. Ne1 Kf7 25. Qa6 Qa7 26. Qxa7+ Bxa7 27. N1g2 Bb8 28. Kf1 Ke8 29. Ke2 Kd7 30. Nf5 Bxf5 31. exf5 Ne7 32. g4 Bc7 33. Ke3 g6 34. fxg6 Nxg6 35. h4 Ke6 36. Ke4 Ne7 37. Ne3 Nc8 38. Nf5 Nd6+ 39. Nxd6 Bxd6 40. Bc1 Bc7 41. Be3 Bd6 42. f4 exf4 43. Bxf4 Be7 44. cxb5 cxb5 45. Bc1 Bd8 46. Bb2 Bc7 47. Ba3 Bb6 48. h5 Ba7 49. Bc1 Bb8 50. Ba3 Ba7 51. b4 cxb4 52. Bxb4 Bb8 53. d4 Bd6 54. Bc3 b4 55. Bb2 Bg3 56. d5+ Ke7 57. Kd3 Kd6 58. Kc4 Be5 59. Bc1 Bg3 60. g5 1/2-1/2

[Event "Oberliga Ost-A 1617"]
[Site "Germany"]
[Date "2016.12.04"]
[Round "4.6"]
[White "Limpert, Michael"]
[Black "Pesztericz, Laszlo"]
[Result "1/2-1/2"]
[WhiteElo "2223"]
[BlackElo "2106"]
[PlyCount "33"]
[EventDate "2016.10.16"]
[EventType "team-tourn"]
[EventRounds "11"]
[EventCountry "GER"]
[SourceTitle "EXT 2018"]
[Source "ChessBase"]
[SourceDate "2017.10.13"]
[SourceVersion "1"]
[SourceVersionDate "2017.10.13"]
[SourceQuality "1"]
[WhiteTeam "Leipzig SG II"]
[BlackTeam "Magdeburg Rochade"]
[WhiteTeamCountry "GER"]
[BlackTeamCountry "GER"]

1. e4 e5 2. Nf3 Nc6 3. Bc4 Bc5 4. c3 Nf6 5. d3 d6 6. b4 Bb6 7. a4 a6 8. 0-0 0-0 9. h3 Be6 10. Nbd2 d5 11. exd5 Bxd5 12. Qb3 Bxc4 13. Nxc4 Qxd3 14. Nfxe5 Nxe5 15. Nxe5 Qf5 16. Nc4 Ba7 17. Be3 1/2-1/2

[Event "Oberliga Ost-A 1213"]
[Site "Germany"]
[Date "2013.02.03"]
[Round "7.4"]
[White "Limpert, Michael"]
[Black "Zimmermann, Rene"]
[Result "0-1"]
[WhiteElo "2182"]
[BlackElo "2133"]
[PlyCount "76"]
[EventDate "2012.10.14"]
[EventType "team-tourn"]
[EventRounds "11"]
[EventCountry "GER"]
[SourceTitle "EXT 2014"]
[Source "ChessBase"]
[SourceDate "2013.11.20"]
[SourceVersion "1"]
[SourceVersionDate "2013.11.20"]
[SourceQuality "1"]
[WhiteTeam "Leipzig SG III"]
[BlackTeam "Dresden Gruen Weiss"]
[WhiteTeamCountry "GER"]
[BlackTeamCountry "GER"]

1. e4 e6 2. d4 d5 3. Nc3 Bb4 4. e5 c5 5. Bd2 Ne7 6. dxc5 Nbc6 7. Qg4 0-0 8. Bd3 f5 9. exf6 Rxf6 10. 0-0-0 e5 11. Qh4 h6 12. g4 Bxc5 13. g5 Nf5 14. Qa4 Rd6 15. Nb5 Rg6 16. f4 a6 17. Nc3 Ncd4 18. Nxd5 b5 19. Bxb5 Nxb5 20. Ba5 Qf8 21. Nf6+ Rxf6 22. Rd8 Qxd8 23. Bxd8 Be3+ 24. Kb1 Rd6 25. Ne2 Bb7 26. Re1 Raxd8 27. a3 Rd1+ 28. Rxd1 Rxd1+ 29. Ka2 Rd2 30. Nc3 Nfd4 31. Qc4+ Kh7 32. Qf7 Nxc3+ 33. bxc3 Rxc2+ 34. Kb1 Be4 35. gxh6 Rxc3+ 36. Ka1 Rc1+ 37. Kb2 Rc2+ 38. Ka1 Nb3+ 0-1

[Event "Oberliga Ost-A 1213"]
[Site "Germany"]
[Date "2013.02.02"]
[Round "6.4"]
[White "Mueller, Richard"]
[Black "Limpert, Michael"]
[Result "0-1"]
[WhiteElo "2052"]
[BlackElo "2182"]
[PlyCount "114"]
[EventDate "2012.10.14"]
[EventType "team-tourn"]
[EventRounds "11"]
[EventCountry "GER"]
[SourceTitle "EXT 2014"]
[Source "ChessBase"]
[SourceDate "2013.11.20"]
[SourceVersion "1"]
[SourceVersionDate "2013.11.20"]
[SourceQuality "1"]
[WhiteTeam "Coswig"]
[BlackTeam "Leipzig SG III"]
[WhiteTeamCountry "GER"]
[BlackTeamCountry "GER"]

1. d4 d5 2. c4 c6 3. Nf3 e6 4. cxd5 cxd5 5. Nc3 Nc6 6. Qc2 Be7 7. a3 Bd7 8. Bf4 Nf6 9. h3 0-0 10. e3 Qa5 11. Rc1 Rfc8 12. Bd3 a6 13. 0-0 b5 14. Ra1 Qd8 15. b4 Nxb4 16. Qd2 Nxd3 17. Qxd3 Qa5 18. Ne2 Ne4 19. Ne5 Be8 20. f3 Nd2 21. Rfe1 g5 22. Bg3 f6 23. Red1 Nc4 24. Nxc4 Rxc4 25. e4 Rac8 26. exd5 exd5 27. h4 Bg6 28. Qe3 Re8 29. Qe6+ Bf7 30. Qf5 Bf8 31. Re1 Qb6 32. hxg5 Rxe2 33. Rxe2 Qxd4+ 34. Kh2 Qxa1 35. gxf6 Qc1 36. f4 Qd1 37. Qg5+ Kh8 38. Re5 Rc1 39. Re1 Qd2 40. Re7 Qd1 41. Re1 Qc2 42. Qe5 Rxe1 43. Bxe1 Qe4 44. Qb8 Kg8 45. Bf2 d4 46. Kg3 Qg6+ 47. Kh3 Be6+ 48. Kh2 Qxf6 49. Qb6 Qxf4+ 50. Bg3 Qe4 51. Qd8 Bd5 52. Qg5+ Bg7 53. Qd8+ Kf7 54. Qd7+ Kg6 55. Qd6+ Bf6 56. Kh3 Qxg2+ 57. Kg4 h5+ 0-1

[Event "Oberliga Ost-A 1213"]
[Site "Germany"]
[Date "2012.11.11"]
[Round "3.5"]
[White "Just, Wolfgang"]
[Black "Limpert, Michael"]
[Result "1/2-1/2"]
[WhiteElo "2186"]
[BlackElo "2182"]
[PlyCount "32"]
[EventDate "2012.10.14"]
[EventType "team-tourn"]
[EventRounds "11"]
[EventCountry "GER"]
[SourceTitle "EXT 2014"]
[Source "ChessBase"]
[SourceDate "2013.11.20"]
[SourceVersion "1"]
[SourceVersionDate "2013.11.20"]
[SourceQuality "1"]
[WhiteTeam "Leipzig VfB"]
[BlackTeam "Leipzig SG III"]
[WhiteTeamCountry "GER"]
[BlackTeamCountry "GER"]

1. e4 c6 2. d4 d5 3. Nc3 dxe4 4. Nxe4 Bf5 5. Ng3 Bg6 6. Nf3 Nd7 7. Bc4 e6 8. 0-0 Ngf6 9. Re1 Be7 10. c3 Qc7 11. Bg5 0-0 12. Nh4 c5 13. Nxg6 hxg6 14. Bxf6 Bxf6 15. dxc5 Nxc5 16. Qe2 Rac8 1/2-1/2

[Event "Oberliga Ost-A 1213"]
[Site "Germany"]
[Date "2012.11.10"]
[Round "2.6"]
[White "Leibovitch, Iziaslav"]
[Black "Limpert, Michael"]
[Result "1/2-1/2"]
[WhiteElo "2042"]
[BlackElo "2182"]
[PlyCount "50"]
[EventDate "2012.10.14"]
[EventType "team-tourn"]
[EventRounds "11"]
[EventCountry "GER"]
[SourceTitle "EXT 2014"]
[Source "ChessBase"]
[SourceDate "2013.11.20"]
[SourceVersion "1"]
[SourceVersionDate "2013.11.20"]
[SourceQuality "1"]
[WhiteTeam "Dessau"]
[BlackTeam "Leipzig SG III"]
[WhiteTeamCountry "GER"]
[BlackTeamCountry "GER"]

1. Nf3 d5 2. g3 Nf6 3. Bg2 e6 4. d3 b6 5. 0-0 Bb7 6. Nbd2 Be7 7. e4 0-0 8. e5 Nfd7 9. Re1 c5 10. h4 Nc6 11. Nf1 Re8 12. Bh3 Nf8 13. Bg5 f6 14. exf6 Bxf6 15. N1h2 h6 16. Bxf6 Qxf6 17. c3 e5 18. Ng4 Qd6 19. h5 Rad8 20. Nh4 Bc8 21. Bg2 Nh7 22. Ne3 Ne7 23. Qe2 Ng5 24. Rad1 Ba6 25. c4 d4 1/2-1/2

[Event "Oberliga Ost-A 1112"]
[Site "Germany"]
[Date "2012.01.15"]
[Round "7.7"]
[White "Pesztericz, Laszlo"]
[Black "Limpert, Michael"]
[Result "1-0"]
[WhiteElo "2136"]
[BlackElo "2177"]
[PlyCount "69"]
[EventDate "2011.09.25"]
[EventType "team-tourn"]
[EventRounds "11"]
[EventCountry "GER"]
[SourceTitle "EXT 2013"]
[Source "ChessBase"]
[SourceDate "2012.11.22"]
[SourceVersion "1"]
[SourceVersionDate "2012.11.22"]
[SourceQuality "1"]
[WhiteTeam "Magdeburg Rochade"]
[BlackTeam "Leipzig SG II"]
[WhiteTeamCountry "GER"]
[BlackTeamCountry "GER"]

1. e4 c6 2. d4 d5 3. Nc3 dxe4 4. Nxe4 Nd7 5. Nf3 Ngf6 6. Ng3 e6 7. Bd3 c5 8. 0-0 cxd4 9. Nxd4 Bc5 10. Nb3 Be7 11. Qe2 0-0 12. c4 b6 13. Bf4 Bb7 14. Rfd1 Qc8 15. Nf5 exf5 16. Qxe7 Re8 17. Qd6 Re6 18. Qc7 Qxc7 19. Bxc7 g6 20. Nd4 Ree8 21. Nb5 Nc5 22. Bf1 Bc6 23. Nc3 Rac8 24. Bf4 Rcd8 25. f3 Na4 26. Nxa4 Bxa4 27. b3 Bc6 28. a4 Nh5 29. Bd2 Rd7 30. Bc3 Red8 31. Rxd7 Rxd7 32. a5 bxa5 33. Rxa5 Nf4 34. b4 Rd1 35. Bf6 1-0

[Event "Oberliga Ost-A 1112"]
[Site "Germany"]
[Date "2011.12.11"]
[Round "5.6"]
[White "Limpert, Michael"]
[Black "Schenk, Alexander"]
[Result "0-1"]
[WhiteElo "2177"]
[BlackElo "2239"]
[PlyCount "82"]
[EventDate "2011.09.25"]
[EventType "team-tourn"]
[EventRounds "11"]
[EventCountry "GER"]
[SourceTitle "EXT 2013"]
[Source "ChessBase"]
[SourceDate "2012.11.22"]
[SourceVersion "1"]
[SourceVersionDate "2012.11.22"]
[SourceQuality "1"]
[WhiteTeam "Leipzig SG II"]
[BlackTeam "Chemnitz"]
[WhiteTeamCountry "GER"]
[BlackTeamCountry "GER"]

1. e4 e6 2. d4 d5 3. Nc3 Nf6 4. Bg5 Be7 5. e5 Nfd7 6. h4 Bxg5 7. hxg5 Qxg5 8. Qd3 g6 9. Nh3 Qh6 10. f4 a6 11. 0-0-0 Nb6 12. Qe3 Nc6 13. Nf2 Qg7 14. Ng4 Bd7 15. Nf6+ Kd8 16. g4 Ne7 17. Bd3 Bb5 18. Rh3 Bxd3 19. Qxd3 Nd7 20. Nxd7 Kxd7 21. Qg3 h6 22. Rdh1 Rh7 23. Nd1 f5 24. Qb3 Rhh8 25. Rc3 b6 26. Ne3 h5 27. g5 Rhc8 28. Qa4+ b5 29. Qb4 Rab8 30. a4 Rb6 31. axb5 axb5 32. Kd2 Nc6 33. Qc5 b4 34. Rb3 Rcb8 35. c4 bxc3+ 36. Rxc3 Rxb2+ 37. Ke1 R8b6 38. Rh3 R2b5 39. Qa3 Nxd4 40. Qa4 Nc6 41. Nc2 Ra5 0-1

[Event "Oberliga Ost-A 1112"]
[Site "Germany"]
[Date "2011.10.22"]
[Round "2.6"]
[White "Limpert, Michael"]
[Black "Muekke, Jens Frieder"]
[Result "1/2-1/2"]
[WhiteElo "2177"]
[BlackElo "2000"]
[PlyCount "92"]
[EventDate "2011.09.25"]
[EventType "team-tourn"]
[EventRounds "11"]
[EventCountry "GER"]
[SourceTitle "EXT 2013"]
[Source "ChessBase"]
[SourceDate "2012.11.22"]
[SourceVersion "1"]
[SourceVersionDate "2012.11.22"]
[SourceQuality "1"]
[WhiteTeam "Leipzig SG II"]
[BlackTeam "Naumburg"]
[WhiteTeamCountry "GER"]
[BlackTeamCountry "GER"]

1. e4 e6 2. d4 d5 3. Nc3 dxe4 4. Nxe4 Nd7 5. Nf3 Ngf6 6. Bg5 Be7 7. Bxf6 gxf6 8. Bd3 b6 9. Qe2 Bb7 10. 0-0-0 c6 11. Nh4 Qc7 12. Qh5 f5 13. Nd2 0-0-0 14. Nhf3 Rdf8 15. Qh6 Rfg8 16. g3 c5 17. dxc5 Nxc5 18. Qe3 Rg4 19. Rhe1 Bf6 20. Kb1 Na4 21. Ne5 Rb4 22. Nb3 Re4 23. Bxe4 Bxe4 24. Nd3 Nxb2 25. Qc1 Nxd1 26. Rxd1 Kb7 27. Qf4 Qc3 28. Qd2 Rc8 29. Qxc3 Rxc3 30. Ne1 Kc6 31. Kc1 a5 32. Nd4+ Kc5 33. Ne2 Ra3 34. Rd7 Rxa2 35. Rxf7 Be5 36. f3 Ra1+ 37. Kd2 Bd5 38. Nd3+ Kd6 39. f4 Bh8 40. Rxh7 Bf6 41. Rf7 Be7 42. Nc3 Bc4 43. Ne5 Ba6 44. h4 Rh1 45. Ng6 Bd8 46. Nf8 Be7 1/2-1/2

[Event "Oberliga Ost-A 1011"]
[Site "Germany"]
[Date "2010.10.24"]
[Round "1.5"]
[White "Guenther, Christian1111"]
[Black "Limpert, Michael"]
[Result "1-0"]
[WhiteElo "2113"]
[BlackElo "2195"]
[PlyCount "51"]
[EventDate "2010.10.24"]
[EventType "team-tourn"]
[EventRounds "11"]
[EventCountry "GER"]
[SourceTitle "EXT 2012"]
[Source "ChessBase"]
[SourceDate "2011.11.24"]
[SourceVersion "1"]
[SourceVersionDate "2011.11.24"]
[SourceQuality "1"]
[WhiteTeam "Sangerhausen"]
[BlackTeam "Leipzig Lok"]
[WhiteTeamCountry "GER"]
[BlackTeamCountry "GER"]

1. d4 d5 2. c4 c6 3. Nc3 e6 4. e3 Nf6 5. Nf3 Nbd7 6. Bd3 a6 7. 0-0 dxc4 8. Bxc4 b5 9. Bb3 c5 10. d5 exd5 11. Nxd5 Be7 12. e4 c4 13. Bc2 0-0 14. Bf4 Nxd5 15. exd5 Bf6 16. Nd4 g6 17. Re1 Qb6 18. Nc6 Bb7 19. Ne7+ Kh8 20. Qg4 Rad8 21. Re3 Qd4 22. Rd1 Qxb2 23. Bxg6 Bxe7 24. Rxe7 fxg6 25. Qh4 h5 26. Qg5 1-0

[Event "Oberliga Ost-A 0910"]
[Site "Germany"]
[Date "2010.03.21"]
[Round "9.4"]
[White "Limpert, Michael"]
[Black "Riedel, Finn"]
[Result "1/2-1/2"]
[WhiteElo "2183"]
[BlackElo "2220"]
[PlyCount "91"]
[EventDate "2009.10.18"]
[EventType "team-tourn"]
[EventRounds "11"]
[EventCountry "GER"]
[SourceTitle "EXT 2011"]
[Source "ChessBase"]
[SourceDate "2010.11.26"]
[SourceVersion "1"]
[SourceVersionDate "2010.11.26"]
[SourceQuality "1"]
[WhiteTeam "Leipzig Lok II"]
[BlackTeam "Jena Schott"]
[WhiteTeamCountry "GER"]
[BlackTeamCountry "GER"]

1. e4 e5 2. Nf3 Nf6 3. Nc3 Bb4 4. Nxe5 0-0 5. Be2 Re8 6. Nd3 Bxc3 7. bxc3 Nxe4 8. 0-0 Nc6 9. f3 Nf6 10. f4 d5 11. Bf3 Bf5 12. Nf2 Qd6 13. d3 Qc5 14. g4 Bc8 15. Bd2 b6 16. g5 Nd7 17. Re1 Ba6 18. Rxe8+ Rxe8 19. Qf1 Ndb8 20. Qg2 Rd8 21. Re1 Ne7 22. d4 Qd6 23. Ng4 Nd7 24. Ne3 Nf8 25. f5 Kh8 26. h4 Bc8 27. Bg4 c6 28. Rf1 f6 29. Kh1 Ng8 30. Qh2 Qxh2+ 31. Kxh2 Re8 32. Kg3 Bd7 33. c4 Re4 34. c3 Ne7 35. cxd5 Nxd5 36. Nxd5 cxd5 37. Bf3 Re8 38. Kf4 Bb5 39. Re1 Rxe1 40. Bxe1 Bc4 41. a3 Kg8 42. gxf6 gxf6 43. Bh5 Nd7 44. Bg3 Kf8 45. Bd1 b5 46. Kg4 1/2-1/2

[Event "Oberliga Ost-A 0910"]
[Site "Germany"]
[Date "2010.01.24"]
[Round "7.4"]
[White "Limpert, Michael"]
[Black "Heyder, Florian"]
[Result "1/2-1/2"]
[WhiteElo "2183"]
[BlackElo "2168"]
[PlyCount "30"]
[EventDate "2009.10.18"]
[EventType "team-tourn"]
[EventRounds "11"]
[EventCountry "GER"]
[SourceTitle "EXT 2011"]
[Source "ChessBase"]
[SourceDate "2010.11.26"]
[SourceVersion "1"]
[SourceVersionDate "2010.11.26"]
[SourceQuality "1"]
[WhiteTeam "Leipzig Lok II"]
[BlackTeam "Halle USV"]
[WhiteTeamCountry "GER"]
[BlackTeamCountry "GER"]

1. e4 c5 2. Nc3 e6 3. g3 Nc6 4. Bg2 a6 5. f4 d6 6. Nf3 b5 7. a3 Qb6 8. d3 Bb7 9. Be3 Nf6 10. h3 Be7 11. 0-0 Qc7 12. g4 Nd7 13. Ne2 e5 14. f5 Nb6 15. Nc3 Nd4 1/2-1/2

[Event "Oberliga Ost-A 0809"]
[Site "Germany"]
[Date "2009.03.28"]
[Round "10.4"]
[White "Wagner, Christian"]
[Black "Limpert, Michael"]
[Result "1/2-1/2"]
[WhiteElo "2215"]
[BlackElo "2183"]
[PlyCount "80"]
[EventDate "2008.10.12"]
[EventType "team-tourn"]
[EventRounds "11"]
[EventCountry "GER"]
[SourceTitle "EXT 2010"]
[Source "ChessBase"]
[SourceDate "2010.11.25"]
[SourceVersion "1"]
[SourceVersionDate "2010.11.25"]
[SourceQuality "1"]
[WhiteTeam "Magdeburg Rochade"]
[BlackTeam "Leipzig Lok II"]
[WhiteTeamCountry "GER"]
[BlackTeamCountry "GER"]

1. d4 d5 2. c4 c6 3. cxd5 cxd5 4. Bf4 Nc6 5. Nc3 e6 6. e3 Nf6 7. Bd3 Be7 8. h3 0-0 9. Nf3 Bd7 10. Rc1 Qa5 11. 0-0 Rfc8 12. g4 Be8 13. Nh2 a6 14. g5 Nd7 15. Qh5 f5 16. Qf3 g6 17. a3 Qd8 18. h4 b5 19. Nxd5 exd5 20. Rxc6 Ne5 21. Bxe5 Rxc6 22. Qg3 Rac8 23. Nf3 Bd6 24. h5 Bxe5 25. Nxe5 Rc1 26. h6 Qd6 27. Qf3 Bf7 28. Qe2 Qe7 29. f4 Rxf1+ 30. Qxf1 Qc7 31. Kf2 Be8 32. Ke2 a5 33. Qd1 Qd6 34. Bc2 b4 35. a4 Bf7 36. Bb3 Kf8 37. Kd2 Ke7 38. Qh1 Be6 39. Qf1 Qc7 40. Nd3 Qb6 1/2-1/2

[Event "Oberliga Ost-A 0809"]
[Site "Germany"]
[Date "2009.03.01"]
[Round "8.4"]
[White "Limpert, Michael"]
[Black "Bollmann, Henrik"]
[Result "0-1"]
[WhiteElo "2183"]
[BlackElo "2140"]
[PlyCount "62"]
[EventDate "2008.10.12"]
[EventType "team-tourn"]
[EventRounds "11"]
[EventCountry "GER"]
[SourceTitle "EXT 2010"]
[Source "ChessBase"]
[SourceDate "2010.11.25"]
[SourceVersion "1"]
[SourceVersionDate "2010.11.25"]
[SourceQuality "1"]
[WhiteTeam "Leipzig Lok II"]
[BlackTeam "Sangerhausen"]
[WhiteTeamCountry "GER"]
[BlackTeamCountry "GER"]

1. e4 d5 2. exd5 Qxd5 3. Nc3 Qd6 4. g3 Nf6 5. Bg2 g6 6. Nf3 Bg7 7. 0-0 0-0 8. d3 c6 9. Bf4 Qb4 10. Rb1 Bg4 11. Qd2 Nbd7 12. Rfe1 Rfe8 13. Ne5 Nxe5 14. Bxe5 Be6 15. a3 Qa5 16. b4 Qd8 17. b5 Rc8 18. bxc6 bxc6 19. Rb7 Qa5 20. Qc1 Qc5 21. Qb2 Ng4 22. d4 Qa5 23. Bxg7 Kxg7 24. h3 Nf6 25. Qb4 Qf5 26. Rxe7 c5 27. Qb7 Rxe7 28. Qxe7 cxd4 29. Nb5 Rxc2 30. f4 Qxb5 31. Rxe6 Rxg2+ 0-1